[Event "JUG-chT"]
[Site "Niksic"]
[Date "1997.??.??"]
[Round "11"]
[White "Ostojic, Nikola"]
[Black "Marcetic, Nikola"]
[Result "1/2-1/2"]
[WhiteElo "2435"]
[BlackElo "2330"]

1.c4 e6 2.d4 Nf6 3.Nf3 d5 4.g3 Be7 5.Bg2 O-O 6.O-O c6 7.Qc2 b6 8.b3 a5 9.Nbd2 Ba6
10.Bb2 Nbd7 11.e4 dxe4 12.Nxe4 Qc7 13.Rfe1 Rad8 14.Rad1 Nxe4 15.Qxe4 Bb7
16.Qb1 Bf6 17.Re2 c5 18.d5 exd5 19.cxd5 Bxb2 20.d6 Qb8 21.Qxb2 Nf6 22.Red2 Ne4
23.Nh4 Nxd2 24.Nf5 f6 25.Qxd2 Bxg2 26.Ne7+ Kh8 27.Kxg2 Rd7 28.f3 Rfd8 29.Nf5 g6
30.Nh6 Kg7 31.Qf4 Rxd6 32.Ng4 Rd2+ 33.Qxd2 Rxd2+ 34.Rxd2 Qc7 35.Ne3 h5 36.h4 b5
37.Kf2 Qe5 38.f4 Qc3 39.Rd7+ Kg8 40.Ke2 c4 41.bxc4 bxc4 42.Rd2 a4 43.Rd8+ Kf7
44.Rd5 a3 45.Rd2 Ke6 46.Rd8 Qb2+ 47.Rd2 c3 48.Rc2 Qb5+ 49.Kf2 Qd3 50.Re2 Qd4
51.Kf3 Kd6 52.Kf2 Kc5 53.Kf1 Qd6 54.Kf2 Qb6 55.Kf3 Qb7+ 56.Kf2 Kd4 57.Nc2+ Kd3
58.Ne1+ Kc4 59.Nc2 Qb6+ 60.Kf1 Qb1+ 61.Ne1 Qf5 62.Kg2 Kd4 63.Kg1 Qh3 64.Kf2 Qh2+
65.Kf3 Qg1 66.Re4+ Kd5 67.Re2 Qf1+ 68.Ke3 Kc4 69.Nc2 Qc1+ 70.Ke4 Qb1 71.Kf3 Qxa2
72.Ne3+ Kb3 73.Rxa2 Kxa2 74.Ke2 Kb2 75.Kd3 a2 76.Nc2 Kb3 77.Na1+ Kb2 78.Nc2 Kb3
79.Nd4+ Kb2 80.Nc2  1/2-1/2

[Event "Nova Gorica op"]
[Site "Nova Gorica"]
[Date "1997.??.??"]
[Round "3"]
[White "Seres, Lajos"]
[Black "Dizdar, Goran"]
[Result "1/2-1/2"]
[WhiteElo "2470"]
[BlackElo "2550"]

1.d4 Nf6 2.c4 e6 3.g3 d5 4.Bg2 Be7 5.Nf3 O-O 6.O-O c6 7.Qc2 b6 8.Nbd2 Bb7
9.e4 Nbd7 10.b3 Rc8 11.Bb2 Qc7 12.Rfe1 Rfe8 13.Rad1 Qb8 14.Qb1 dxe4 15.Ng5 c5
16.Ndxe4 Nxe4 17.Nxe4 cxd4 18.Rxd4 Qa8 19.Bh3 Nf8 20.Qd3 Bxe4 21.Qxe4 Qxe4  1/2-1/2

[Event "After GP Mladi"]
[Site "Olomouc"]
[Date "1997.??.??"]
[Round "1"]
[White "Stohl, Igor"]
[Black "Oral, Tomas"]
[Result "1-0"]
[WhiteElo "2565"]
[BlackElo "2435"]

1.d4 Nf6 2.c4 e6 3.g3 d5 4.Bg2 Be7 5.Nf3 O-O 6.O-O dxc4 7.Ne5 Nc6 8.Bxc6 bxc6
9.Nxc6 Qe8 10.Nxe7+ Qxe7 11.Qa4 e5 12.dxe5 Qxe5 13.Qxc4 Be6 14.Qd3 Rad8 15.Qe3 Qh5
16.f3 Rfe8 17.Qg5 Qh3 18.Qc5 Bd5 19.e4 Rxe4 20.fxe4 Ng4 21.Rf2 Bxe4 22.Nc3 Nxh2
23.Qxc7  1-0

[Event "RUS-chT"]
[Site "Orel"]
[Date "1997.??.??"]
[Round "?"]
[White "Fominyh, Alexander"]
[Black "Kiriakov, Petr"]
[Result "1-0"]
[WhiteElo "2545"]
[BlackElo "2530"]

1.Nf3 Nf6 2.c4 e6 3.g3 d5 4.d4 Be7 5.Bg2 O-O 6.O-O dxc4 7.Qc2 a6 8.Qxc4 b5
9.Qc2 Bb7 10.Bd2 Nc6 11.e3 Nb4 12.Bxb4 Bxb4 13.a3 Bd6 14.Nbd2 Rc8 15.e4 Be7
16.b4 a5 17.Rab1 axb4 18.axb4 Ra8 19.Rfc1 Ra4 20.Qxc7 Bxe4 21.Nxe4 Nxe4 22.Qc6 Qd5
23.Ne5 f5 24.Qxd5 exd5 25.Nc6 Bd6 26.Rc2 Rfa8 27.Bf1 Ra2 28.Rbc1 Rxc2 29.Rxc2 Ra1
30.Kg2 Rb1 31.f3 Nf6 32.Bxb5 f4 33.g4 g5 34.Ra2 h5 35.h3 hxg4 36.hxg4 Rc1
37.Kf2 Rc3 38.Ra8+ Kg7 39.Ra7+ Kg8 40.Ra6 Rc2+ 41.Be2 Ne8 42.b5 Nc7 43.Rb6 Nxb5
44.Rxb5 Rxc6 45.Rxd5 Be7 46.Rb5 Bf6 47.Ke1 Kf7 48.Bd3 Ke6 49.Kd2  1-0

[Event "RUS-chT"]
[Site "Orel"]
[Date "1997.??.??"]
[Round "?"]
[White "Samarin, Igor"]
[Black "Petrov, Anton"]
[Result "1-0"]
[WhiteElo "2395"]
[BlackElo "2375"]

1.Nf3 Nf6 2.c4 e6 3.g3 d5 4.d4 Be7 5.Bg2 O-O 6.Qc2 c6 7.O-O Nbd7 8.b3 Ne4
9.Bb2 f5 10.Nbd2 Re8 11.Rad1 Ndf6  1-0

[Event "Ozery op1 Seniors"]
[Site "Ozery"]
[Date "1997.??.??"]
[Round "9"]
[White "Zhukhovitsky, Samuel"]
[Black "Khasin, Abram"]
[Result "1/2-1/2"]
[WhiteElo "2370"]
[BlackElo "2420"]

1.Nf3 d5 2.c4 e6 3.d4 Nf6 4.g3 Be7 5.Bg2 O-O 6.O-O dxc4 7.Nc3 Nc6 8.e4 Rb8
9.e5 Ne8 10.Be3 b6 11.Qe2 Ba6 12.Rfd1 Nb4 13.Nd2 Nc2 14.Rac1 Nxd4 15.Bxd4 Qxd4
16.Nf3 Qc5 17.Rd7 Bb7 18.Na4 Bxf3 19.Bxf3 Qb5 20.Rxe7 Qxa4 21.Qxc4 Qa5 22.Qc3 Qxa2
23.b4 a5 24.b5 Rd8 25.Bc6 g6 26.Kg2 Ng7 27.Rxc7 Rd2 28.Qe3 Qb2 29.Re1 Nf5
30.Qxb6 Nd4 31.Rf1 Nxc6 32.Qxc6 Qxe5 33.b6 Rb2 34.Ra7 Kg7 35.Kg1 Qd4 36.Qxe6 Rxb6
37.Qe7 a4 38.Re1 Rf6 39.Qe3 Rd8 40.Qxd4 Rxd4 41.Re2 Rd1+ 42.Kg2 Ra1 43.h4 h5
44.Rd2 Kh6 45.Re2 Rf5 46.Rd2 a3 47.Re2 Rf6 48.Rd2 g5 49.hxg5+ Kxg5 50.Rd5+ Rf5
51.Rd2 h4 52.gxh4+ Kxh4 53.Re2 Kg4 54.Re4+ Kg5 55.Re2 Rf4 56.Re5+ Kf6 57.Re2 Rg4+
58.Kf3 Rh4 59.Kg2 Rf4 60.Kg3 Rf5 61.Kg2 Kg6 62.Rd2 Rg5+ 63.Kf3 Rh5 64.Kg2 Rf5
65.Re2 Kf6 66.Ra6+ Kg7 67.Ra7 Rg5+ 68.Kh3 Rh5+ 69.Kg2 Rhh1 70.Rc2  1/2-1/2

[Event "ISR-ch U16"]
[Site "Petah Tiqwa"]
[Date "1997.??.??"]
[Round "6"]
[White "Kustanovich, Michael"]
[Black "Kundin, Alexander"]
[Result "0-1"]
[WhiteElo "2210"]
[BlackElo "2260"]

1.d4 d5 2.c4 e6 3.g3 Nf6 4.Bg2 Be7 5.Nf3 O-O 6.O-O Nbd7 7.b3 b6 8.cxd5 Nxd5
9.e4 N5f6 10.e5 Nd5 11.Bb2 Ba6 12.Re1 Rc8 13.Nc3 Bb4 14.Rc1 c5 15.Re4 Bxc3
16.Bxc3 Bb7 17.Bb2 Nc3 18.Rxc3 Bxe4 19.Re3 Bd5 20.h4 cxd4 21.Bxd4 Qc7 22.Rc3 Qb7
23.Re3 Rfd8 24.Qe2 Nf8 25.h5 h6 26.Bb2 Nh7 27.Bh3 Bxf3 28.Rxf3 Ng5 29.Bg2 Nxf3+
30.Bxf3 Qd7 31.Ba3 Qd3  0-1

[Event "World op"]
[Site "Philadelphia"]
[Date "1997.??.??"]
[Round "1"]
[White "Wojtkiewicz, Aleksander"]
[Black "Salman, Mohammad"]
[Result "1-0"]
[WhiteElo "2575"]
[BlackElo "2190"]

1.Nf3 e6 2.c4 Nf6 3.g3 d5 4.d4 Be7 5.Bg2 O-O 6.Qc2 a6 7.Nbd2 c5 8.O-O cxd4
9.Nxd4 dxc4 10.Nxc4 Nd5 11.Rd1 Qc7 12.Bxd5 exd5 13.Ne3 Qe5 14.Ndf5 Nc6 15.Rxd5 Qxf5
16.Qxf5 Bxf5 17.Nxf5 Rfd8 18.Rxd8+ Rxd8 19.Bf4 Bb4 20.a3 Bf8 21.Rc1 g6 22.Nh6+ Kg7
23.Ng4 f6 24.h4 Rd7 25.Kf1 Kf7 26.Nh2 Ke6 27.Nf3 Rd5 28.Be3 Bd6 29.Ke1 Be5
30.Rc2 Rb5 31.Bc1 h5 32.e3 Kf5 33.Ke2 a5 34.Nd2 g5 35.hxg5 fxg5 36.a4 Rb4
37.Rc5 Kg4 38.b3 h4 39.gxh4 gxh4 40.Ba3 h3 41.Bxb4 axb4 42.Rc4+  1-0

[Event "Polanica Zdroj op"]
[Site "Polanica Zdroj"]
[Date "1997.??.??"]
[Round "8"]
[White "Gavrjushin, Oleg"]
[Black "Sosnicki, Michal"]
[Result "0-1"]
[WhiteElo "2350"]
[BlackElo "2270"]

1.d4 Nf6 2.c4 e6 3.Nf3 d5 4.g3 Be7 5.Bg2 O-O 6.O-O dxc4 7.Qc2 a6 8.Nbd2 b5
9.Ng5 Ra7 10.b3 h6 11.Ngf3 cxb3 12.Nxb3 Bb7 13.Nc5 Bd5 14.Rd1 Nbd7 15.e4 Ba8
16.Ne5 Qc8 17.Ncxd7 Nxd7 18.Nc6 Bxc6 19.Qxc6 Nb8 20.Qc3 c5 21.Bb2 Nd7 22.Rac1 c4
23.f4 Rd8 24.d5 Nf6 25.Kh1 exd5 26.exd5 Bd6 27.Qf3 Nh7 28.Qh5 Re7 29.Bh3 Qc7
30.Qg4 f6 31.Qh5 Kh8 32.Re1 Rxe1+ 33.Rxe1 c3 34.Bc1 Nf8 35.Bf5 Qc5 36.Bd3 Qf2
37.Rf1 Qxa2 38.Be3 Ba3 39.Be4 Qc4 40.Qf5 Qxf1+  0-1

[Event "Portoroz op"]
[Site "Portoroz"]
[Date "1997.??.??"]
[Round "?"]
[White "Tratar, Marko"]
[Black "Sitnik, Igor"]
[Result "1-0"]
[WhiteElo "2420"]
[BlackElo "2225"]

1.Nf3 d5 2.d4 Nf6 3.c4 e6 4.g3 Be7 5.Bg2 O-O 6.O-O Nbd7 7.Qc2 a6 8.b3 b5
9.c5 Ne4 10.Bb2 f5 11.Ne1 Bf6 12.Nd3 Qe7 13.f3 Ng5 14.Nd2 e5 15.e4 Nxf3+
16.Bxf3 fxe4 17.Nxe4 dxe4 18.Bxe4 Bb7 19.dxe5 Nxe5 20.Nxe5 Bxe5 21.Bxh7+ Kh8
22.Rfe1 Bxb2 23.Rxe7 Bxa1 24.Qd1 Bf6 25.Bg6  1-0

[Event "SVK-ch"]
[Site "Presov"]
[Date "1997.??.??"]
[Round "8"]
[White "Blaho, Stefan"]
[Black "Jirovsky, Pavel"]
[Result "1/2-1/2"]
[WhiteElo "2205"]
[BlackElo "2360"]

1.d4 Nf6 2.c4 e6 3.g3 d5 4.Bg2 Be7 5.Nf3 O-O 6.O-O Nbd7 7.Nbd2 b6 8.b3 Bb7
9.Bb2 c5 10.e3 Rc8 11.Rc1 Rc7 12.Qe2 Qa8 13.dxc5 bxc5 14.Ne5 Rd8 15.Rfd1 a5
16.Nxd7 Rdxd7 17.Nf3 a4 18.Ne5 Rd8 19.cxd5 exd5 20.b4 a3 21.Ba1 c4 22.Bc3 Qa4
23.Rb1 Qb5 24.h3 Re8 25.Nf3 Qb6 26.Nd4 Nd7 27.Nf5 Bf6 28.Qc2 Qe6 29.Nd4 Qb6
30.Qc1 Ra8 31.Nf5 Qe6 32.Nd4 Qb6 33.Nf5 Qe6 34.Bxf6 Nxf6 35.Nd4 Qb6 36.Qc3 Bc8
37.Ne2 Bf5 38.Rbc1 Be4 39.Nd4 Bxg2 40.Kxg2 Ne4 41.Qc2 Qxb4 42.Ne2 Nf6 43.Nc3 Qa5
44.Qf5 Rc5 45.Rd4 Re8 46.g4 h6 47.h4 Re6 48.g5 g6 49.Qf4 hxg5 50.hxg5 Nh5
51.Qb8+ Kg7 52.Kg1 Re7 53.Kg2  1/2-1/2

[Event "CRO-Cup"]
[Site "Pula"]
[Date "1997.??.??"]
[Round "?"]
[White "Horvath, Csaba"]
[Black "Mrkonjic, Nenad"]
[Result "1-0"]
[WhiteElo "2485"]
[BlackElo "2270"]

1.d4 d5 2.c4 e6 3.Nf3 Nf6 4.g3 Be7 5.Bg2 c6 6.Qc2 O-O 7.O-O Nbd7 8.b3 b6
9.Rd1 Bb7 10.Nc3 Rc8 11.e4 Nxe4 12.Nxe4 dxe4 13.Qxe4 Ba8 14.Qe2 Re8 15.Bf4 Nf8
16.h4 Bd6 17.Bxd6 Qxd6 18.Ng5 Qe7 19.c5 f5 20.b4 Qf6 21.Nf3 Rc7 22.Ne5 g5
23.Qh5 Rd8 24.hxg5 Qg7 25.f4 Nd7 26.g4 Nxe5 27.dxe5 Rcd7 28.gxf5 exf5 29.Rd6 Rxd6
30.cxd6 c5 31.Bxa8 Rxa8 32.Rd1  1-0

[Event "EU-chT (Men)"]
[Site "Pula"]
[Date "1997.??.??"]
[Round "1"]
[White "Stohl, Igor"]
[Black "Muir, Andrew J"]
[Result "1-0"]
[WhiteElo "2580"]
[BlackElo "2300"]

1.c4 e6 2.Nf3 Nf6 3.g3 d5 4.Bg2 Be7 5.d4 O-O 6.Qc2 c5 7.O-O cxd4 8.Nxd4 Nc6
9.Nxc6 bxc6 10.b3 Ba6 11.Nd2 Rc8 12.Bb2 d4 13.Nf3 c5 14.Rfe1 Qc7 15.e3 e5
16.exd4 exd4 17.Bc1 Bb7 18.Bf4 Qd8 19.Rad1 Bxf3 20.Bxf3 Bd6 21.Bg5 h6 22.Bd2 Qd7
23.a3 Qc7 24.Qf5 Qd7 25.Qxd7 Nxd7 26.Bg4 f5 27.Bf3 Ne5 28.Bd5+ Kh7 29.Bf4 Rfe8
30.b4 g5 31.Bd2 cxb4 32.axb4 Nd3 33.Rxe8 Rxe8 34.c5 Bb8 35.Kf1 a5 36.bxa5 Nxc5
37.Rc1 Ba7 38.Rc4 Na6 39.Rc6 Nb8 40.Rc7+ Kh8  1-0

[Event "EU-chT (Men)"]
[Site "Pula"]
[Date "1997.??.??"]
[Round "8"]
[White "Antunes, Antonio"]
[Black "Kotronias, Vasilios"]
[Result "1/2-1/2"]
[WhiteElo "2510"]
[BlackElo "2590"]

1.d4 Nf6 2.Nf3 e6 3.c4 d5 4.g3 Be7 5.Bg2 O-O 6.O-O dxc4 7.Qc2 a6 8.Qxc4 b5
9.Qc2 Bb7 10.Bg5 Nbd7 11.Bxf6 Nxf6 12.Nbd2 Rc8 13.Nb3 Be4 14.Qc1 c5 15.dxc5 a5
16.a4 Qd5 17.Nxa5 Rxc5 18.Qd1 Qxd1 19.Rfxd1 bxa4 20.b4 axb3  1/2-1/2

[Event "EU-chT (Men)"]
[Site "Pula"]
[Date "1997.??.??"]
[Round "8"]
[White "Urban, Klaudiusz"]
[Black "Arlandi, Ennio"]
[Result "1-0"]
[WhiteElo "2490"]
[BlackElo "2470"]

1.d4 Nf6 2.c4 e6 3.g3 d5 4.Bg2 Be7 5.Nf3 O-O 6.Qc2 c6 7.O-O dxc4 8.a4 a5
9.Qxc4 Na6 10.Nc3 Nd5 11.e4 Ndb4 12.Rd1 Qe8 13.Bf4 Kh8 14.Rac1 Bd7 15.Qe2 f6
16.Nd2 c5 17.d5 e5 18.Be3 Bxa4 19.Nxa4 Qxa4 20.Ra1 Qd7 21.Nc4 Bd8 22.Nxa5 Bxa5
23.Rxa5 b6 24.Ra3 Nc7 25.Bf1 Qd6 26.Rda1 Rxa3 27.bxa3 Nba6 28.Qc2 Nb8 29.Rb1 f5
30.Rxb6 Qxb6 31.Bxc5  1-0

[Event "Schwaebisch Gmuend op"]
[Site "Schwaebisch Gmuend"]
[Date "1997.??.??"]
[Round "9"]
[White "Fochtler, Ekkehard"]
[Black "Scholl, Maria"]
[Result "1/2-1/2"]
[WhiteElo "2245"]
[BlackElo "2020"]

1.d4 e6 2.c4 Nf6 3.g3 d5 4.Bg2 Be7 5.Nf3 O-O 6.O-O c6 7.Qc2 b6 8.Nbd2 Bb7
9.e4 dxe4 10.Nxe4 Nxe4 11.Qxe4 Nd7 12.Re1 Nf6 13.Qe2 h6 14.Bf4 Qc8 15.Rad1 Rd8
16.Ne5 Bb4 17.Rf1 Bd6 18.Qf3 Bxe5 19.dxe5 Ne8 20.Qg4 Qc7 21.Rfe1 c5 22.Bxb7 Qxb7
23.Bxh6 Qa6 24.a3 Qa4 25.Bg5 Rxd1 26.Rxd1 b5 27.Be7 Rc8 28.Rc1 b4 29.axb4 Qxb4
30.Qe2 Rc7 31.Bd6 Rb7 32.Rc2 Rb6 33.Qd1 Qa4 34.Bxc5 Rxb2 35.Rd2 Qa2 36.Rxb2 Qxb2
37.Bxa7 Qxe5 38.Bb6 Nf6 39.h3 Qf5 40.Kh2 Ne4 41.Qd8+ Kh7 42.Qd3 Qg6 43.c5 f5
44.c6 e5 45.Qc2 Ng5 46.Kg2 Ne4 47.Bc7 Qf7 48.Bb8 g6 49.f3 Qd5 50.fxe4 fxe4
51.Kf2 Qf7+ 52.Kg1 Qf3 53.Bxe5 e3 54.Bd4 Qxg3+ 55.Kf1 Qf3+ 56.Ke1 Qg3+ 57.Ke2 Qf2+
58.Kd3 Qf5+ 59.Kc3 Qa5+ 60.Kd3 Qf5+  1/2-1/2

[Event "BUL-ch"]
[Site "Shumen"]
[Date "1997.??.??"]
[Round "7"]
[White "Andonov, Bogomil"]
[Black "Tsvetkov, Ilia"]
[Result "1-0"]
[WhiteElo "2405"]
[BlackElo "2330"]

1.c4 e6 2.Nf3 d5 3.g3 Nf6 4.Bg2 Be7 5.d4 O-O 6.Qc2 a6 7.Nbd2 Nbd7 8.O-O c6
9.e4 b5 10.c5 Nxe4 11.Nxe4 dxe4 12.Qxe4 Bb7 13.b3 Bf6 14.Bf4 Re8 15.Bd6 Be7
16.Bxe7 Qxe7 17.Rfe1 Red8 18.a3 Qf6 19.Rad1 Qe7 20.Bf1 Nf6 21.Qc2 h6 22.Bd3 Rd5
23.Qe2 Rad8 24.Bc2 Qc7 25.Qe3 Ng4 26.Qc3 Re8 27.Qd3 Nf6 28.Ne5 Red8 29.Qc3 Ra8
30.Re3 Nd7 31.Nd3 Nf8 32.Nf4 Rd7 33.Ne2 Rad8 34.f4 Re7 35.Qe1 Red7 36.Red3 Nh7
37.Kg2 Nf6 38.Ng1 Nd5 39.Nf3 Re7 40.Ne5 Nf6 41.Rf3 Nd7 42.Ng4 Nf8 43.Qe3 Bc8
44.Ne5 f6 45.Rdf1 Bd7 46.Nxd7 Rexd7 47.Rd1 e5 48.fxe5 fxe5 49.Qe4 exd4 50.Rdf1 g6
51.Rxf8+ Rxf8 52.Qxg6+ Rg7 53.Qe6+ Rgf7 54.Bg6 d3 55.Bxf7+ Rxf7 56.Qg6+ Rg7
57.Qe8+ Kh7 58.Rf8  1-0

[Event "Pools schev"]
[Site "Singapore"]
[Date "1997.??.??"]
[Round "1"]
[White "Rogers, Ian"]
[Black "Wu Shaobin"]
[Result "1/2-1/2"]
[WhiteElo "2600"]
[BlackElo "2435"]

1.d4 Nf6 2.c4 e6 3.g3 d5 4.Nf3 Be7 5.Bg2 O-O 6.O-O dxc4 7.Qc2 a6 8.Qxc4 b5
9.Qc2 Bb7 10.Bg5 Nbd7 11.Nbd2 Rc8 12.Bxf6 Nxf6 13.Nb3 Be4 14.Qc3 Nd7 15.Rfd1 c6
16.Ne1 Bxg2 17.Kxg2 Qb6 18.Rac1 c5 19.dxc5 Nxc5 20.Nxc5 Rxc5 21.Qe3 Rfc8
22.Nd3 Qb7+ 23.Qf3 Qxf3+ 24.Kxf3 Rxc1 25.Rxc1 Rxc1 26.Nxc1 Kf8 27.Nd3 Ke8
28.e4 f6 29.g4 Kd7 30.Ke3 g6 31.Kd4 Kc6 32.f4 a5 33.b3 Bd8 34.a4 Bb6+ 35.Kc3 Be3
36.h3 Kb6 37.h4 f5 38.exf5 exf5 39.gxf5 gxf5 40.h5 bxa4 41.bxa4 Kc6 42.Kc4 Kd6
43.h6 Ke6 44.Nc5+ Kf6 45.Nb3 Bxf4 46.Nxa5 Bxh6 47.Kd3 Ke6 48.Nc6 Bg7 49.a5 Kd6
50.Ne7 Kc5 51.Nxf5 Bf6 52.Ke4  1/2-1/2

[Event "RUS-Cup8"]
[Site "Smolensk"]
[Date "1997.??.??"]
[Round "6"]
[White "Donchenko, Anatoly G"]
[Black "Vilkov, Vladimir"]
[Result "1/2-1/2"]
[WhiteElo "2390"]
[BlackElo "2260"]

1.Nf3 Nf6 2.c4 e6 3.g3 d5 4.Bg2 Be7 5.d4 O-O 6.O-O c6 7.Qc2 b6 8.Nbd2 Bb7
9.e4 Na6 10.b3 Rc8 11.Bb2 c5 12.exd5 exd5 13.dxc5 dxc4 14.Nxc4 Be4 15.Qc3 Nxc5
16.Rad1 Qc7 17.Qe3 Rfd8 18.Nd4 Nd5 19.Qe2 Bxg2 20.Kxg2 Bf6 21.Qf3 a6 22.Nf5 Bxb2
23.Nxb2 Ne7 24.Nxe7+ Qxe7 25.Rfe1 Qc7 26.Nc4 Ne6 27.h4 b5 28.Rxd8+  1/2-1/2

[Event "Russian Cup f"]
[Site "Sochi"]
[Date "1997.??.??"]
[Round "10"]
[White "Sherbakov, Ruslan"]
[Black "Yakovich, Yuri"]
[Result "1/2-1/2"]
[WhiteElo "2580"]
[BlackElo "2610"]

1.d4 Nf6 2.Nf3 e6 3.c4 d5 4.g3 Be7 5.Bg2 O-O 6.O-O dxc4 7.Qc2 a6 8.a4 Bd7
9.Qxc4 Bc6 10.Bg5 a5 11.Nc3 Na6 12.Bxf6 Bxf6 13.e4 Nb4  1/2-1/2

[Event "ROM-chT2"]
[Site "Sovata"]
[Date "1997.??.??"]
[Round "?"]
[White "Ghitescu, Theodor"]
[Black "Baciu, Stefan"]
[Result "1/2-1/2"]
[WhiteElo "2355"]
[BlackElo "2250"]

1.d4 d5 2.c4 e6 3.Nf3 Nf6 4.g3 Be7 5.Bg2 O-O 6.Qc2 c6 7.O-O Nbd7 8.Nbd2 b6
9.e4 Ba6 10.e5 Ne8 11.b3 Rc8 12.Bb2 Nc7 13.Rfd1 h6 14.a4 Bb7 15.Nf1 a5 16.Ne3 Na6
17.h4 c5 18.Qe2 Nb4 19.Bc3 dxc4 20.bxc4 Bxf3 21.Qxf3 cxd4 22.Bxd4 Qc7 23.Qh5 Rfd8
24.Be4 Nc5 25.Bxc5 Bxc5 26.Ng4 Bf8 27.Ne3 Qc5 28.Rac1 Rxd1+ 29.Rxd1 Qc7 30.Kg2 Rd8
31.Rxd8 Qxd8 32.Qd1 Qc7 33.f4 Bc5 34.Nc2 Be7 35.Qe2 Qd7 36.Nxb4 axb4 37.Bc2 Bc5
38.Qd1 Qxd1 39.Bxd1 Kf8 40.h5 Ke7 41.Kf3 Kd7  1/2-1/2

[Event "Stockholm"]
[Site "Stockholm"]
[Date "1997.??.??"]
[Round "1"]
[White "Akesson, Ralf"]
[Black "Engqvist, Thomas"]
[Result "1-0"]
[WhiteElo "2520"]
[BlackElo "2355"]

1.Nf3 Nf6 2.c4 e6 3.g3 d5 4.Bg2 Be7 5.d4 O-O 6.O-O dxc4 7.Ne5 Nc6 8.Bxc6 bxc6
9.Nxc6 Qe8 10.Nxe7+ Qxe7 11.Qa4 e5 12.dxe5 Qxe5 13.Qxc4 Be6 14.Qd3 Rad8 15.Qe3 Qh5
16.f3 Bh3 17.Re1 Rfe8 18.Qf2 Nd5 19.Bd2 f5 20.Nc3 f4 21.gxf4 Nxc3 22.Bxc3 Rd6
23.Kh1 Rg6 24.Rg1 Ree6 25.e4 Rxg1+ 26.Rxg1 Rg6 27.Rg3 Rxg3 28.hxg3 Be6+ 29.Kg1 Qh3
30.b3 g6 31.Be5 c5 32.f5  1-0

[Event "SVK-chT1E 9798"]
[Site "SVK"]
[Date "1997.??.??"]
[Round "2"]
[White "Tibensky, Robert"]
[Black "Koval, Anton"]
[Result "1/2-1/2"]
[WhiteElo "2435"]
[BlackElo "2300"]

1.d4 d5 2.c4 e6 3.Nf3 Nf6 4.g3 Be7 5.Bg2 O-O 6.O-O c6 7.Qc2 Nbd7 8.Rd1 Ne4
9.Ne5 f5 10.f3 Nxe5 11.dxe5 Qb6+ 12.e3 Nc5 13.Kh1 Nd7 14.f4 Nc5 15.Nd2 a5
16.b3 Ne4 17.Nxe4 dxe4 18.Bb2 a4 19.Bd4 c5 20.Bc3 axb3 21.axb3 Rxa1 22.Rxa1 Rd8
23.Bf1 Qc6 24.Kg1 b6 25.Rd1 Rxd1 26.Qxd1 Qd7 27.Qe1 g6 28.Be2 Bf8 29.Kf2 Be7
30.b4 Qa4 31.bxc5 bxc5 32.Qb1 Kf7 33.Qb8 Qa6 34.Ke1 Qb7 35.Qxb7 Bxb7 36.Ba5 Ke8
37.Bd1 Kd7 38.Kd2 Bc6 39.h3 Kc8 40.g4 Be8 41.g5  1/2-1/2

[Event "SVK-chT 9798"]
[Site "SVK"]
[Date "1997.??.??"]
[Round "3"]
[White "Turna, Stefan"]
[Black "Kijac, Miroslav"]
[Result "1-0"]
[WhiteElo "2290"]
[BlackElo "2145"]

1.d4 Nf6 2.c4 e6 3.g3 d5 4.Bg2 Be7 5.Nf3 O-O 6.O-O c6 7.Nc3 Nbd7 8.Qc2 b6
9.Rd1 Bb7 10.e4 dxe4 11.Nxe4 c5 12.Nxf6+ Bxf6 13.dxc5 bxc5 14.Ng5 Bxg5 15.Bxb7 Qc7
16.Bxa8 Bxc1 17.Raxc1 Rxa8 18.Qe4 Rb8 19.Rc2 Ne5 20.Rcd2 g5 21.Rd6 f6 22.f4 gxf4
23.gxf4 Kh8 24.fxe5 f5 25.Qh4  1-0

[Event "SVK-chT2 9697"]
[Site "SVK"]
[Date "1997.??.??"]
[Round "8"]
[White "Hlinka, Vasil"]
[Black "Drtina, Milan"]
[Result "1/2-1/2"]
[WhiteElo "2070"]
[BlackElo "2275"]

1.d4 d5 2.c4 e6 3.Nf3 Be7 4.g3 Nf6 5.Bg2 O-O 6.Qc2 c6 7.O-O Nbd7 8.b3 Ne4
9.Bb2 f5 10.Nc3 Qe8 11.Ne5 Nd6 12.e3 Nf6 13.f3 Nf7 14.Nxf7 Qxf7 15.e4 Bd7
16.e5 Ne8 17.c5 g5 18.Rf2 Nc7 19.Bf1 Qg7 20.Bd3 Be8 21.Ne2 Bg6 22.Rg2 Kf7
23.b4 Rg8 24.a4 a6 25.Bc3 h5 26.Bd2 Qh7 27.Rb1 h4 28.g4 f4 29.Bxg6+ Qxg6
30.Qxg6+ Kxg6 31.h3 Kf7 32.Nc3 Rgb8 33.a5  1/2-1/2

[Event "SVK-chT2 9697"]
[Site "SVK"]
[Date "1997.??.??"]
[Round "11"]
[White "Hlinka, Vasil"]
[Black "Djubek, Boris"]
[Result "1/2-1/2"]
[WhiteElo "2070"]
[BlackElo "2220"]

1.d4 d5 2.Nf3 Nf6 3.c4 e6 4.g3 Be7 5.Bg2 O-O 6.O-O b6 7.Ne5 Bb7 8.Nc3 c6
9.Qc2 Nbd7 10.e4 Nxe5 11.dxe5 Nxe4 12.Nxe4 dxe4 13.Bxe4  1/2-1/2

[Event "EU-ch U18"]
[Site "Tallinn"]
[Date "1997.??.??"]
[Round "2"]
[White "Iljushin, Alexei"]
[Black "Bagirov, Rufat"]
[Result "1/2-1/2"]
[WhiteElo "2430"]
[BlackElo "2325"]

1.d4 d5 2.c4 e6 3.Nf3 Nf6 4.g3 Be7 5.Bg2 O-O 6.O-O dxc4 7.Ne5 Nc6 8.Nxc6 bxc6
9.Na3 Bxa3 10.bxa3 Nd5 11.Qc2 Ba6 12.Rd1 f5 13.e4 fxe4 14.Bxe4 h6 15.Bxh6 gxh6
16.Bxd5 Qxd5 17.Qg6+ Kh8 18.Qxh6+ Kg8 19.Qg6+ Kh8  1/2-1/2

[Event "EU-ch U18 Girls"]
[Site "Tallinn"]
[Date "1997.??.??"]
[Round "2"]
[White "Tsalugelashvili, Lile"]
[Black "Stotskaja, Elena"]
[Result "1-0"]
[WhiteElo "2105"]
[BlackElo "2080"]

1.d4 d5 2.c4 e6 3.Nf3 Nf6 4.g3 Be7 5.Bg2 O-O 6.O-O Nbd7 7.Qc2 Re8 8.Nbd2 a6
9.e4 dxe4 10.Nxe4 Nxe4 11.Qxe4 c5 12.Be3 Qc7 13.Rac1 Nf6 14.Qc2 Rd8 15.Rfd1 Bd7
16.Ne5 Be8 17.f4 cxd4 18.Rxd4 Bc5 19.Rd3 Rxd3 20.Qxd3 Rd8 21.Qe2 Qb6 22.Bxc5 Qxc5+
23.Kh1 Qb4 24.Rc3 Ba4 25.a3 Qb6 26.b3 Be8 27.Rd3 Nd7 28.Qd2 Qc7 29.Bh3 Kf8
30.Qb4+ Kg8 31.Qe7 b5 32.c5 Qa5 33.b4 Qc7 34.Bg2 f6 35.Qxe6+ Kh8 36.Nf7+ Bxf7
37.Qxf7 Qc8 38.Qd5 Re8 39.Qxd7 Re1+ 40.Bf1 Qa8+ 41.Qd5  1-0

[Event "EU-ch U18"]
[Site "Tallinn"]
[Date "1997.??.??"]
[Round "7"]
[White "Njirjak, Josip"]
[Black "Pihlajasalo, Antti"]
[Result "1/2-1/2"]
[WhiteElo "2235"]
[BlackElo "2245"]

1.c4 e6 2.g3 d5 3.Bg2 Nf6 4.Nf3 Be7 5.d4 O-O 6.O-O c6 7.Nbd2 b6 8.Qc2 Bb7
9.b3 Nbd7 10.Bb2 Rc8 11.e4 dxe4 12.Nxe4 Nxe4 13.Qxe4 Nf6 14.Qe2 c5 15.Rad1 Qc7
16.d5 exd5 17.Rfe1 Ne4 18.cxd5 Bf6 19.Qxe4 Bxb2 20.Ng5 g6 21.Qh4 h5 22.g4 Bf6
23.gxh5 Kg7 24.d6 Qd8 25.Bxb7 Bxg5 26.Qg3 Rb8 27.Be4 Qf6 28.Re2 Rh8 29.hxg6 Bf4  1/2-1/2

[Event "Tampere We Taraus"]
[Site "Tampere"]
[Date "1997.??.??"]
[Round "4"]
[White "Pessi, Juha"]
[Black "Salokangas, Hannu"]
[Result "1-0"]
[WhiteElo "2245"]
[BlackElo "2250"]

1.d4 Nf6 2.c4 e6 3.g3 d5 4.Nf3 Be7 5.Bg2 O-O 6.O-O b6 7.Nc3 Bb7 8.Ne5 c6
9.Bf4 dxc4 10.Nxc4 Nd5 11.Bd2 Nd7 12.e4 Nxc3 13.bxc3 b5 14.Nb2 Nb6 15.Be3 Ba3
16.Qb3 Qe7 17.Rad1 Rfd8 18.Bg5 f6 19.Be3 Bxb2 20.Qxb2 Nc4 21.Qb3 a6 22.Rfe1 Kh8
23.Bf1 c5 24.Bg2 cxd4 25.cxd4 Rac8 26.d5 e5 27.Bh3 Rc7 28.Rd3 Bc8 29.Bxc8 Rdxc8
30.Red1 h6 31.d6  1-0

[Event "Torre Blanca op"]
[Site "Torre Blanca"]
[Date "1997.??.??"]
[Round "5"]
[White "Ferrara, Alexis"]
[Black "Castelli, Raul"]
[Result "1/2-1/2"]
[WhiteElo "2155"]
[BlackElo "2200"]

1.d4 d5 2.Nf3 e6 3.c4 Nf6 4.g3 Be7 5.Bg2 O-O 6.O-O Nbd7 7.b3 b6 8.Bb2 Bb7
9.Nc3 Re8 10.Rc1 c5 11.cxd5 Nxd5 12.Qd2 Nxc3 13.Bxc3 Bf6 14.Rfd1 cxd4 15.Bxd4 Bxd4
16.Qxd4 Nc5 17.Qf4 Qf6 18.Qxf6 gxf6 19.Nd4 Bxg2 20.Kxg2 Rad8 21.Nc6 Rxd1
22.Rxd1 a5 23.f3 Kf8 24.Kf2 Rc8 25.Na7 Rc7 26.Nb5 Rd7 27.Rxd7 Nxd7 28.Ke3 Ke7
29.Kd4  1/2-1/2

[Event "Toscolano op"]
[Site "Toscolano"]
[Date "1997.??.??"]
[Round "?"]
[White "Sulava, Nenad"]
[Black "Borgo, Giulio"]
[Result "1/2-1/2"]
[WhiteElo "2380"]
[BlackElo "2390"]

1.d4 Nf6 2.c4 e6 3.g3 d5 4.Bg2 Be7 5.Nf3 O-O 6.O-O Nbd7 7.Qc2 b6 8.b3 c6
9.Nc3 Bb7 10.Rd1 Rc8 11.e4 dxe4 12.Ng5 h6 13.Ngxe4 Nxe4 14.Nxe4 Nf6 15.Be3 Rc7
16.Rd2 Rd7 17.Nxf6+ Bxf6 18.Rad1 Qe7 19.c5 Rfd8 20.a4 e5 21.dxe5 Rxd2 22.Rxd2 Rxd2
23.Bxd2 Qxe5 24.cxb6 axb6 25.h4 Qe2 26.Qe4 Qxe4 27.Bxe4 Kf8 28.Be3 Bd8 29.b4 Ke8
30.b5 Kd7 31.Kf1 Kc8 32.bxc6 Ba6+ 33.Ke1 Bc4 34.Bd4 f6 35.Bc3 Be7 36.a5 Kc7
37.axb6+ Kxb6 38.Kd2 Bb5 39.Ke3 Bxc6 40.Bxc6 Kxc6 41.Kf4 Kd7 42.Kf5 Ke8 43.Kg6 Kf8
44.g4 Kg8 45.f3 Bd8 46.h5 Be7 47.f4 Bd6 48.g5 Bxf4  1/2-1/2

[Event "Ubeda"]
[Site "Ubeda"]
[Date "1997.??.??"]
[Round "2"]
[White "Beliavsky, Alexander G"]
[Black "Almasi, Zoltan"]
[Result "1/2-1/2"]
[WhiteElo "2665"]
[BlackElo "2595"]

1.d4 Nf6 2.c4 e6 3.g3 d5 4.Nf3 Be7 5.Bg2 O-O 6.O-O dxc4 7.Qc2 a6 8.a4 Bd7
9.Qxc4 Bc6 10.Bg5 Bd5 11.Qd3 Be4 12.Qe3 Nbd7 13.Nc3 Bc6 14.Qd3 Bb4 15.Rfe1 Bxf3
16.Qxf3 c6 17.Red1 Qa5 18.h4 h6 19.Bd2 e5 20.Be1 Rfe8 21.e3 Rad8 22.Qf5 exd4
23.Qxa5 Bxa5 24.Rxd4 Nc5 25.Rad1 Rxd4 26.Rxd4 Rd8 27.b4 Rxd4 28.exd4 Nd3
29.bxa5 Nxe1 30.Bh3 Nf3+ 31.Kg2 Nxd4 32.Bc8 Nc2 33.Na2 Nd5 34.Bxb7 Ncb4 35.Nxb4 Nxb4
36.Kf3 Kf8 37.Ke4 Ke7 38.Bc8 Kd6 39.Kd4 c5+ 40.Kc4 g6 41.Bb7 g5 42.h5 f6
43.Bc8 Kc6 44.Bh3 Kd6 45.Bf1 Nc6 46.Kc3 Nxa5 47.Bxa6 Ke5 48.Bf1 f5 49.Bg2 g4
50.Bf1 Kf6 51.Bb5 Kg5 52.Be8 Kf6 53.Kd3 Ke5 54.Bb5 Kd5 55.Bd7 Ke5 56.Bc8 Kf6
57.Ba6 Ke5 58.Ke3 Nc6  1/2-1/2